People, parks and wildlife: towards coexistence (Record no. 400396)

000 -LEADER
fixed length control field 00584cam a22001817a 4500
008 - FIXED-LENGTH DATA ELEMENTS--GENERAL INFORMATION
fixed length control field 180718b2000 xxu||||| |||| 00| 0 eng d
020 ## - INTERNATIONAL STANDARD BOOK NUMBER
International Standard Book Number 8125019804
082 ## - DEWEY DECIMAL CLASSIFICATION NUMBER
Classification number Y7x54 Sa13
100 ## - MAIN ENTRY--PERSONAL NAME
Personal name Saberwal, Vasant
245 ## - TITLE STATEMENT
Title People, parks and wildlife: towards coexistence
Statement of responsibility, etc. by Vasant Saberwal, Mahesh Rangarajan and Ashish Kothari
260 ## - PUBLICATION, DISTRIBUTION, ETC.
Place of publication, distribution, etc. Hyderabad
Name of publisher, distributor, etc. Orient Longman
Date of publication, distribution, etc. 2000
300 ## - PHYSICAL DESCRIPTION
Extent 143p.
440 ## - SERIES STATEMENT/ADDED ENTRY--TITLE
Title Tracts for the times, 14
650 ## - SUBJECT ADDED ENTRY--TOPICAL TERM
Topical term or geographic name entry element Forest conservation - India
650 ## - SUBJECT ADDED ENTRY--TOPICAL TERM
Topical term or geographic name entry element Wildlife management - India
700 ## - ADDED ENTRY--PERSONAL NAME
Personal name Kothari, Ashish
700 ## - ADDED ENTRY--PERSONAL NAME
Personal name Rangarajan, Mahesh
Holdings
Withdrawn status Lost status Damaged status Not for loan Permanent Location Current Location Date acquired Full call number Barcode Date last seen Price effective from Koha item type
        Indian Institute of Public Administration Indian Institute of Public Administration 2002-10-11 Y7x54 Sa13 76203 2018-07-21 2018-07-21 Book

Powered by Koha